000 01859cam a2200421 a 4500
001 EDZ0000116319
003 StDuBDS
005 20161031105110.0
006 m||||||||d||||||||
007 cr |||||||||||
008 130111s2006 enka fo| 000|0|eng d
020 _a9781446261118 (ebook) :
_cNo price
040 _aStDuBDS
_beng
_cStDuBDS
_epn
049 _aAlfaisal Main Library
050 0 _aHF5415.32
_b.C654 2006
082 0 4 _a658.8342
_223
245 0 0 _aConsumer behavior II
_h[electronic resource] :
_bthe meaning of consumption /
_cedited by Margaret K. Hogg.
260 _aLondon :
_bSAGE,
_c2006.
300 _a1 online resource (3 v.) :
_bill.
490 1 _aSAGE library in business and management
500 _aVolume numbering continues from Consumer behavior I.
505 0 _av. 4. Advertising and consumption -- v. 5. Possessions, brands and the self -- v. 6. (Sub)cultures of consumption.
520 8 _aContains classic and contemporary writings including some of the most provocative and influential contributions to the field from across the social sciences, thus representing the increasing interdisciplinary richness of research in consumer behavior.
521 _aSpecialized.
588 _aDescription based on print version record.
504 _aIncludes bibliographical references.
650 0 _aConsumer behavior.
655 7 _aElectronic books.
_2local
700 1 _aHogg, Margaret K.
710 2 _aSage eBooks
740 0 2 _aAdvertising and consumption.
740 0 2 _aPossessions, brands and the self.
740 0 2 _a(Sub)cultures of consumption.
776 0 8 _iPrint version :
_z9781412908429
830 0 _aSAGE library in business and management.
856 4 0 _uhttp://ezproxy.alfaisal.edu/login?url=http://sk.sagepub.com/navigator/consumer-behavior-ii-the-meaning-of-consumption
942 _2lcc
_cEBOOKS
999 _c479286
_d479286